Central Library OPAC University of Rajshahi

Arms and the man : (Record no. 20785)

MARC details
000 -LEADER
fixed length control field 01382cam a22003253a 4500
001 - CONTROL NUMBER
control field 20785
003 - CONTROL NUMBER IDENTIFIER
rucl marc code BD-RjUL
005 - DATE AND TIME OF LATEST TRANSACTION
control field 20211209000618.0
008 - FIXED-LENGTH DATA ELEMENTS--GENERAL INFORMATION
fixed length control field 140030r19531901enk 000 0deng
035 ## - SYSTEM CONTROL NUMBER
System control number (BD-RjUL)20847
040 ## - CATALOGING SOURCE
Original cataloging agency DLC
Transcribing agency DLC
Language of cataloging eng
Modifying agency BD-RjUL
041 ## - LANGUAGE CODE
Language code of text/sound track or separate title eng
082 ## - DEWEY DECIMAL CLASSIFICATION NUMBER
Classification number 822.91
Author mark and year SHA 1953
100 1# - MAIN ENTRY--PERSONAL NAME
Personal name Shaw, Bernard.
9 (RLIN) 64190
245 00 - TITLE STATEMENT
Title Arms and the man :
Remainder of title an anti-romantic comedy in three acts /
Statement of responsibility, etc. George Bernard Shaw
260 ## - PUBLICATION, DISTRIBUTION, ETC. (IMPRINT)
Date of publication, distribution, etc. London :
Place of publication, distribution, etc. Constable and Company,
Name of publisher, distributor, etc. [Reprinted 1953].
300 ## - PHYSICAL DESCRIPTION
Pagination 71 p. ;
Size 20 cm.
500 ## - GENERAL NOTE
General note Arena Stage, opening date April 21, 1953.
General note Cast: Frances Sternhagen, Anne Leslie, Marian Reardon, Stanley Pitts, Joseph Gistirak, Allen Joseph, Henry Oliver, George Grizzard.
General note Title devised by Library staff.
General note LC copy has some notations by Coe.
520 ## - SUMMARY, ETC.
Summary, etc. Arena Stage, Zelda Fichandler and Alan Schneider, present "Arms and the Man," by George Bernard Shaw, directed by Basil Langton, setting by Marshall Yokelson, lighting by Leo Gallenstein.
580 ## - LINKING ENTRY COMPLEXITY NOTE
Linking entry complexity note In: Richard L. Coe Theater Programs Collection (Library of Congress).
650 #0 - SUBJECT ADDED ENTRY--TOPICAL TERM
Topical term or geographic name as entry element English Drama.
9 (RLIN) 64191
942 ## - ADDED ENTRY ELEMENTS (KOHA)
Source of classification or shelving scheme Dewey Decimal Classification
Koha item type Books
Holdings
Lost status Source of classification or shelving scheme Damaged status Not for loan Collection code Permanent Location Current Location Shelving location Date acquired Source of acquisition Cost, normal purchase price Total Checkouts Full call number Date last seen Copy number Koha item type
  Dewey Decimal Classification   Added to bundle Fiction Central Library, University of Rajshahi Central Library, University of Rajshahi Reading Room 22/01/1955 M. B. P. Dacca 3.20   822.91 SHA 1953 02/03/2014 C-1 Books
  Dewey Decimal Classification     Non-fiction Central Library, University of Rajshahi Central Library, University of Rajshahi   09/02/1955 M.B.P., Dacca 32.00   822.91 SHA 1953 24/11/2016 C-2 Books